Statistics for Word Scramble: Cities

Click here to take the quiz!

General Stats

  • This quiz has been taken 35 times
  • The average score is 11 of 15

Answer Stats

HintAnswer% Correct
almiLima
100%
adbuiDubai
97%
katjaarJakarta
94%
ummibaMumbai
87%
jaubaAbuja
84%
aualabantarUlaanbaatar
81%
dnaklaucAuckland
77%
onhxeipPhoenix
77%
iccgohaChicago
74%
rapgeuPrague
71%
arsgeliAlgiers
68%
psaubdetBudapest
61%
ranboclaeBarcelona
48%
anetlmroMontreal
45%
agaontsiSantiago
39%

Score Distribution

Percentile by Number Answered

Percent of People with Each Score

Your Score History

You have not taken this quiz